00743nam a2200229Ia 4500003000900000008004100009020001800050040001600068080001200084100002600096245006700122260003300189300001500222650002700237650002400264650001700288650001600305650002300321942000700344999001700351952014500368IN-BaIIA211028s9999 xx 000 0 eng d a0-03-031944-7 cIIA Library a53bJEW aJewett, John W926934 4aThe world of physicsbmysteries magic and mythcJohn W. Jewett aAustraliabBrooks-Colec2001 axii, 397p. aCircular motion926935 aElectrical circuits aEnergy91942 aPhysics973 aPolarization95652 cBK c14912d14912 00104070aBANbBANcGENd2003-01-27eSSB g1015.35l1m3o53/ JEWp15834r2022-08-11s2022-08-11v1015.35w2003-01-27yBKGRs. 1015.35